Language Quiz

Random Language or German Quiz

German Time Vocabulary Quiz Stats

Quiz not verified by Sporcle

Challenge
Share
Tweet
Embed
Score 0/19 Timer 12:00
0 Plays Today
Vocab % Correct
SundaySonntag
100%
MondayMontag
96%
FridayFreitag
96%
SaturdaySamstag
96%
the Weekdie Woche
96%
the Dayder Tag
92%
WednesdayMittwoch
92%
ThursdayDonnerstag
92%
the Monthder Monat
88%
TuesdayDienstag
88%
Vocab % Correct
the Yeardas Jahr
84%
How late is it?Wie spat ist es?
68%
Half before 4halb vier
64%
in the morning morgens
56%
in the eveningabends
52%
Saturday (before sunday)Sonnabend
44%
What time is it?Wie viel Uhr ist es?
44%
in the afternoon mittags
40%
3:30 drei Uhr dreizig
28%

You're not logged in!

Compare scores with friends on all Sporcle quizzes.
Join for Free
OR
Log In

You Might Also Like...

Show Comments

Extras

Top Quizzes Today


Score Distribution

Your Account Isn't Verified!

In order to create a playlist on Sporcle, you need to verify the email address you used during registration. Go to your Sporcle Settings to finish the process.

Report this User

Report this user for behavior that violates our Community Guidelines.

Details: